Statistics for Countries, US States, Capitals, Elements, 100 Most Common Words: A + B + xyz = C #4

Click here to take the quiz!

General Stats

  • This quiz has been taken 40 times
  • The average score is 35 of 48

Answer Stats

ANSWER% Correct
{a}f{}g{}h{aniSTan}
100%
{New} 10
90%
{New} 6
90%
{Rome} 9
90%
{Rome} 9
90%
{Iron} 4
86%
{Lima} 1
86%
{Lima} 3
86%
{mo}n{t}e{Ne}g{Ro}
86%
{Tin} 9
86%
{Bern} 1
83%
{Dili} 3
83%
{Its} 7
83%
{Not} 3
83%
{Not} 6
83%
{Out} 4
83%
{}p{e}n{nSy}l{Vania}
83%
{Togo} 7
83%
{Two} 7
83%
{Br}i{}d{}g{eTown}
79%
{}c{aLI}f{orni}u{m}
79%
{i}n{Di}a{nap}o{liS}
79%
{Spain} 12
79%
{}g{}e{o}r{geTowN}
76%
{}m{oNt}g{omeR}y{}
76%
{Sana'a} 8
76%
{Say} 4
76%
{Say} 5
76%
{}t{u}r{kMe}n{isTan}
72%
{Vienna} 8
72%
{}c{a}r{Son} c{Ity}
69%
{st}r{O}n{tIu}m{}
69%
{Tunis} 10
69%
{Into} 9
66%
{Italy} 12
66%
{Make} 5
66%
{One} 2
66%
{}s{a}l{T} {lake} c{Ity}
66%
{Law}r{eN}c{i}u{m}
62%
{Niger} 4
62%
{Take} 4
62%
{rOeN}t{geni}u{}m{}
55%
{dom}i{niCAn} {repu}b{}l{ic}
52%
{Oslo} 2
52%
{}s{O}l{oMo}n {islands}
52%
{Madison} 5
45%
{And} 8
24%
{Copernicium} 7
21%

Score Distribution

Percentile by Number Answered

Percent of People with Each Score

Your Score History

You have not taken this quiz